CNBC-e Nickelodeon Kuşağı'nın Serileri - Statistics

General Stats
  • This quiz has been taken 28 times
  • The average score is 14 of 31
Answer Stats
Hint Answer % Correct
2003-2014 SpongeBob SquarePants
95%
2006-2014 Avatar: The Last Airbender
63%
2003-2007 CatDog
63%
2007-2014 The Fairly OddParents
63%
2003-2012 Rugrats
58%
2003-2006 Aaahh!!! Real Monsters
53%
2006-2014 Dora The Explorer
53%
2004-2006 Hey Arnold!
53%
2004-2013 The Adventures of Jimmy Neutron: Boy Genius
53%
2004-2008 My Life as a Teenage Robot
47%
2006 The Ren and Stimpy Show
47%
2004-2009 All Grown Up!
42%
2007-2012 Danny Phantom
42%
2008-2014 Go Diego Go!
42%
2012-2014 Planet Sheen
42%
2010-2012 Rocket Power
42%
2004-2007 Rocko's Modern Life
42%
2009-2010 The Mighty B!
42%
2010-2014 The Penguins of Madagascar
42%
2003-2009 As Told by Ginger
37%
2008-2014 Back at the Barnyard
37%
2011-2014 Fanboy & Chum Chum
37%
2007-2008 Kappa Mikey
37%
2012-2014 Kung Fu Panda: Legends of Awesomeness
37%
2014 Monsters vs. Aliens
37%
2013-2014 Teenage Mutant Ninja Turtles (2012)
37%
2003-2009 The Wild Thornberrys
37%
2014 Robot and Monster
32%
2004-2009 The Angry Beavers
32%
2013-2014 The Legend of Korra
32%
2012-2014 T.U.F.F Puppy
32%
No matching quizzes found
Score Distribution
Percent of People with Each Score
Percentile by Number Answered
Your Score History
You have not taken this quiz